00426nam a2200121Ia 4500008004100000024004400041082001900085100005600104245006000160260002500220600002100245650003800266250506s9999 xx 000 0 und d a13B-050-BS, 13B-037-BS & 13B-045-BS a616.025072 ASL aAmin Aslam, Muhammad Ahsan Siddiqui & Haris Shariat 0aMedical Response & Early Preparation System (Code Book) aKarachi:bUIT,c2013 aComputer Science aBachelor of Computer Science (BS)